An Open Letter to James Munro at National Trading Standards (Record no. 121862)

MARC details
000 -LEADER
fixed length control field 01465nam a22002297a 4500
005 - DATE AND TIME OF LATEST TRANSACTION
control field 20240320110829.0
008 - FIXED-LENGTH DATA ELEMENTS--GENERAL INFORMATION
fixed length control field 240320t2024 xxk|||||og||| 00| 0 eng d
110 ## - MAIN ENTRY--CORPORATE NAME
Corporate name or jurisdiction name as entry element Property Lawyers Action Group
9 (RLIN) 6338
245 ## - TITLE STATEMENT
Title An Open Letter to James Munro at National Trading Standards
260 ## - PUBLICATION, DISTRIBUTION, ETC.
Name of publisher, distributor, etc. Property Lawyers Action Group,
Date of publication, distribution, etc. 18 March 2024
520 ## - SUMMARY, ETC.
Summary, etc. Letter to James Munro of the National Trading Standards' (NTS) estate and letting agency team, the Property Lawyers Action Group (PLAG) states that the NTS Material Information guidance for estate agents' property listings distorts the source legislation, the Consumer Protection from Unfair Trading Regulations 2008. The letter argues that there is no coherent interpretation of the legislation that infers an obligation on the part of the seller, trader or not, to proactively obtain information which the seller does not already have (i.e. due diligence). The “guidance” however, does seek to impose such obligations on the seller.
650 ## - SUBJECT ADDED ENTRY--TOPICAL TERM
Topical term or geographic name entry element MATERIAL INFORMATION
650 ## - SUBJECT ADDED ENTRY--TOPICAL TERM
Topical term or geographic name entry element LETTINGS
650 ## - SUBJECT ADDED ENTRY--TOPICAL TERM
Topical term or geographic name entry element ESTATE AGENTS
650 ## - SUBJECT ADDED ENTRY--TOPICAL TERM
Topical term or geographic name entry element PROPERTY PARTICULARS
650 ## - SUBJECT ADDED ENTRY--TOPICAL TERM
Topical term or geographic name entry element TRADING STANDARDS
650 ## - SUBJECT ADDED ENTRY--TOPICAL TERM
Topical term or geographic name entry element CONSUMER PROTECTION FROM UNFAIR TRADING REGULATIONS 2008
690 ## - LOCAL SUBJECT ADDED ENTRY--TOPICAL TERM (OCLC, RLIN)
Topical term or geographic name as entry element Residential property
9 (RLIN) 6266
710 ## - ADDED ENTRY--CORPORATE NAME
Corporate name or jurisdiction name as entry element Property Lawyers Action Group
9 (RLIN) 6338
856 ## - ELECTRONIC LOCATION AND ACCESS
Uniform Resource Identifier <a href="https://plactiongroup.co.uk/2024/03/18/an-open-letter-to-james-munro-at-national-trading-standards/">https://plactiongroup.co.uk/2024/03/18/an-open-letter-to-james-munro-at-national-trading-standards/</a>
Public note PLAG letter
942 ## - ADDED ENTRY ELEMENTS (KOHA)
Source of classification or shelving scheme Dewey Decimal Classification
Holdings
Withdrawn status Lost status Damaged status Not for loan Home library Current library Shelving location Date acquired Total Checkouts Full call number Date last seen Price effective from Koha item type
        London Virtual Online 20/03/2024   LETTER 20/03/2024 20/03/2024 Online material